[Event "Gorodovikovsk Bashanta"]
[Site "Gorodovikovsk"]
[Date "2010.04.11"]
[Round "7"]
[White "Golosya, Mikhail"]
[Black "Begjanyan, Hrayr"]
[Result "0-1"]
[WhiteElo "1927"]
[BlackElo "2141"]
[PlyCount "38"]
[EventDate "2010.04.11"]
[EventType "tourn"]
[EventRounds "9"]
[EventCountry "RUS"]
[SourceTitle "EXT 2012"]
[Source "ChessBase"]
[SourceDate "2011.11.24"]
[SourceVersion "1"]
[SourceVersionDate "2011.11.24"]
[SourceQuality "1"]

1. e4 d5 2. exd5 Nf6 3. Nf3 Nxd5 4. d4 g6 5. Bc4 Bg7 6. c3 0-0 7. 0-0 Nb6 8. Bb3 Bg4 9. h3 Bf5 10. Nh4 Bc8 11. Be3 e5 12. Nf3 e4 13. Ng5 Qe7 14. Nd2 Bf5 15. g4 Be6 16. Nxe6 fxe6 17. Nxe4 Nd5 18. Qd3 Rf3 19. Kg2 Nf4+ 0-1

[Event "Gorodovikovsk Bashanta"]
[Site "Gorodovikovsk"]
[Date "2010.04.11"]
[Round "9"]
[White "Golosya, Mikhail"]
[Black "Nasunov, Valery"]
[Result "1/2-1/2"]
[WhiteElo "1927"]
[BlackElo "1852"]
[PlyCount "20"]
[EventDate "2010.04.11"]
[EventType "tourn"]
[EventRounds "9"]
[EventCountry "RUS"]
[SourceTitle "EXT 2012"]
[Source "ChessBase"]
[SourceDate "2011.11.24"]
[SourceVersion "1"]
[SourceVersionDate "2011.11.24"]
[SourceQuality "1"]

1. e4 e5 2. Nf3 Nc6 3. Bc4 Nf6 4. c3 Bc5 5. d4 exd4 6. cxd4 Bb4+ 7. Nc3 Nxe4 8. 0-0 Bxc3 9. bxc3 Nxc3 10. Qb3 d5 1/2-1/2

[Event "Iki Burul Dawn"]
[Site "Iki Burul"]
[Date "2009.06.24"]
[Round "1"]
[White "Golosya, Mikhail"]
[Black "Talkhigov, Aub"]
[Result "1-0"]
[WhiteElo "1941"]
[BlackElo "1968"]
[PlyCount "39"]
[EventDate "2009.06.24"]
[EventType "tourn"]
[EventRounds "9"]
[EventCountry "RUS"]
[SourceTitle "EXT 2022"]
[Source "ChessBase"]
[SourceDate "2021.10.06"]
[SourceVersion "1"]
[SourceVersionDate "2021.10.06"]
[SourceQuality "1"]

1. e4 c5 2. Nf3 d6 3. Bb5+ Bd7 4. Bxd7+ Qxd7 5. 0-0 Nc6 6. Nc3 Nf6 7. d3 g6 8. Ng5 Bg7 9. f4 0-0-0 10. Nxf7 Rdf8 11. Nxh8 Bxh8 12. f5 Nd4 13. Ne2 Nh5 14. Nxd4 Bxd4+ 15. Kh1 Rg8 16. Qg4 Qe8 17. c3 Bh8 18. Bg5 gxf5 19. Qxf5+ Kb8 20. Rf3 1-0

[Event "Lagan Grey Kaspian Sea"]
[Site "Lagan"]
[Date "2008.08.13"]
[Round "5"]
[White "Pilavov, Georgy"]
[Black "Golosya, Mikhail"]
[Result "1-0"]
[WhiteElo "2609"]
[BlackElo "1958"]
[PlyCount "43"]
[EventDate "2008.08.02"]
[EventType "swiss"]
[EventRounds "6"]
[EventCountry "RUS"]
[SourceTitle "EXT 2022"]
[Source "ChessBase"]
[SourceDate "2021.10.06"]
[SourceVersion "1"]
[SourceVersionDate "2021.10.06"]
[SourceQuality "1"]

1. e4 e5 2. Nf3 Nc6 3. d4 exd4 4. Nxd4 d6 5. Nc3 Bd7 6. g3 Qf6 7. Be3 0-0-0 8. Bg2 Nge7 9. 0-0 Ne5 10. h3 h5 11. Qe2 h4 12. g4 Nxg4 13. hxg4 h3 14. Bf3 Ng6 15. g5 Qe5 16. Bg4 f5 17. gxf6 gxf6 18. f4 Qe7 19. Bxd7+ Qxd7 20. Nf3 Kb8 21. Kh1 c6 22. Rg1 1-0

[Event "Lagan Grey Kaspian Sea"]
[Site "Lagan"]
[Date "2008.08.02"]
[Round "1"]
[White "Golosya, Mikhail"]
[Black "Mankirov, Vladimir"]
[Result "1-0"]
[WhiteElo "1958"]
[BlackElo "1667"]
[PlyCount "69"]
[EventDate "2008.08.02"]
[EventType "swiss"]
[EventRounds "6"]
[EventCountry "RUS"]
[SourceTitle "EXT 2022"]
[Source "ChessBase"]
[SourceDate "2021.10.06"]
[SourceVersion "1"]
[SourceVersionDate "2021.10.06"]
[SourceQuality "1"]

1. e4 g6 2. Nf3 Bg7 3. d4 d6 4. Be3 Nc6 5. Bb5 Bd7 6. 0-0 a6 7. Ba4 b5 8. Bb3 e5 9. Ng5 Nh6 10. c3 0-0 11. f4 Kh8 12. h3 Na5 13. fxe5 Nxb3 14. Qxb3 dxe5 15. Nd2 exd4 16. cxd4 f6 17. Ngf3 Qe7 18. Rac1 Be6 19. d5 Bg8 20. Bc5 Qd7 21. Bxf8 Rxf8 22. Rc6 f5 23. Rfc1 fxe4 24. Rxc7 Qf5 25. Rxg7 Kxg7 26. Rc7+ Rf7 27. Qc3+ Qf6 28. Qxf6+ Kxf6 29. Nxe4+ Kg7 30. d6 Rxc7 31. dxc7 Be6 32. Nfg5 Bd7 33. Nd6 Kf6 34. Nxh7+ Kg7 35. Ng5 1-0

[Event "Bashanta Summer"]
[Site "Gorodovikovsk"]
[Date "2008.07.??"]
[Round "3"]
[White "Khudinov, Mergen"]
[Black "Golosya, Mikhail"]
[Result "1-0"]
[WhiteElo "2035"]
[BlackElo "1958"]
[PlyCount "101"]
[EventDate "2008.07.16"]
[EventType "tourn"]
[EventRounds "9"]
[EventCountry "RUS"]
[SourceTitle "EXT 2022"]
[Source "ChessBase"]
[SourceDate "2021.10.06"]
[SourceVersion "1"]
[SourceVersionDate "2021.10.06"]
[SourceQuality "1"]

1. d4 Nf6 2. c4 c5 3. d5 b5 4. cxb5 a6 5. bxa6 Bxa6 6. Nc3 g6 7. g3 Bg7 8. Bg2 d6 9. Nf3 0-0 10. 0-0 Nbd7 11. Re1 Qa5 12. h3 Rfb8 13. e4 Ne8 14. Qc2 Qb4 15. a3 Qb3 16. Qxb3 Rxb3 17. Ra2 Bc4 18. Ra1 Rxc3 19. bxc3 Bxc3 20. Bd2 Bxa1 21. Rxa1 Bb3 22. Bc3 f6 23. Nd2 Ba4 24. Rb1 Rb8 25. Rxb8 Nxb8 26. Bf1 Nc7 27. Ba5 Nb5 28. Bxb5 Bxb5 29. f4 Kf7 30. Kf2 Na6 31. Ke3 Bd7 32. g4 Bb5 33. h4 Nb8 34. Nb1 Bd7 35. f5 h5 36. fxg6+ Kxg6 37. gxh5+ Kxh5 38. Bd8 Kxh4 39. Bxe7 Kg5 40. Bxd6 Na6 41. Nc3 f5 42. e5 f4+ 43. Kd3 Bf5+ 44. Kc4 f3 45. Nd1 Bc2 46. Nf2 Kf4 47. e6+ Ke3 48. Bg3 Bf5 49. Kb5 Bxe6 50. dxe6 Nc7+ 51. Bxc7 1-0

[Event "Bashanta Summer"]
[Site "Gorodovikovsk"]
[Date "2008.07.??"]
[Round "8"]
[White "Kubatko, Ivan"]
[Black "Golosya, Mikhail"]
[Result "1-0"]
[WhiteElo "2106"]
[BlackElo "1958"]
[PlyCount "93"]
[EventDate "2008.07.16"]
[EventType "tourn"]
[EventRounds "9"]
[EventCountry "RUS"]
[SourceTitle "EXT 2022"]
[Source "ChessBase"]
[SourceDate "2021.10.06"]
[SourceVersion "1"]
[SourceVersionDate "2021.10.06"]
[SourceQuality "1"]

1. e4 e5 2. Nf3 Nc6 3. Bb5 a6 4. Ba4 Nf6 5. d3 b5 6. Bb3 Be7 7. c3 d6 8. Nbd2 Na5 9. Bc2 c5 10. Nf1 0-0 11. h3 Re8 12. g4 Bf8 13. Ng3 g6 14. Qe2 Bb7 15. 0-0 d5 16. Re1 Rc8 17. Bd2 c4 18. Rad1 cxd3 19. Bxd3 Nc4 20. Bc1 Qb6 21. g5 dxe4 22. Nxe4 Nxe4 23. Bxe4 Bxe4 24. Qxe4 Bc5 25. Re2 Qe6 26. Kg2 Nd6 27. Qg4 e4 28. Nd4 Qd5 29. Be3 Nf5 30. Nxf5 Qxf5 31. Qxf5 gxf5 32. Rd5 Bxe3 33. fxe3 Kg7 34. Rxf5 Rcd8 35. Ref2 Re7 36. Kg3 Rd3 37. Kf4 Re6 38. h4 Re7 39. h5 h6 40. gxh6+ Kxh6 41. Rf6+ Kg7 42. Rxa6 Rd5 43. h6+ Kh7 44. Rg2 f5 45. Rag6 Re8 46. Rg7+ Kh8 47. h7 1-0

[Event "Pskov 5th op"]
[Site "Pskov"]
[Date "2008.06.23"]
[Round "1.17"]
[White "Golosya, Mikhail"]
[Black "Letov, Petr"]
[Result "0-1"]
[WhiteElo "1958"]
[BlackElo "2158"]
[PlyCount "74"]
[EventDate "2008.06.22"]
[EventType "swiss"]
[EventRounds "9"]
[EventCountry "RUS"]
[SourceTitle "EXT 2022"]
[Source "ChessBase"]
[SourceDate "2021.10.06"]
[SourceVersion "1"]
[SourceVersionDate "2021.10.06"]
[SourceQuality "1"]

1. e4 e6 2. d4 d5 3. Nd2 c5 4. c3 Nf6 5. e5 Nfd7 6. f4 Nc6 7. Ndf3 Qb6 8. Nh3 cxd4 9. cxd4 Bb4+ 10. Kf2 Be7 11. Be2 f6 12. Be3 0-0 13. Rf1 h6 14. Qd3 f5 15. a3 Na5 16. b4 Nc4 17. Nd2 Nxd2 18. Bxd2 Qd8 19. Kg1 Nb6 20. Qb3 Bd7 21. b5 Rc8 22. Rfc1 Nc4 23. Bxc4 dxc4 24. Rxc4 Qb6 25. a4 a6 26. Rb1 axb5 27. Rxc8 Rxc8 28. Be3 Qa5 29. Bf2 Qxa4 30. Be3 Qxb3 31. Rxb3 b4 32. Rb1 Ba4 33. Bc1 Bc2 34. Ra1 b3 35. Bb2 Bb4 36. Ra4 Bd2 37. d5 exd5 0-1